000 00319nam a2200109Ia 4500
008 171211s9999 xx 000 0 und d
245 4 _aThe IBS Healing Plan: Natural Ways to Beat Your Symptoms
245 _cTheresa Cheung
260 _c2008
650 _xFITNESS
856 _uhttp://down.ebook777.com/062/0897935071.pdf
999 _c349066
_d349066